|
|
|
|
| LEADER |
00970nam a2200193 a 4500 |
| 008 |
090826s1995 ii a b 001 0 eng d |
| 020 |
|
|
|a 8120309790 (pbk.)
|
| 082 |
0 |
0 |
|a 515/.353
|2 20
|
| 100 |
1 |
|
|a Rao, K. Sankara.
|
| 245 |
1 |
0 |
|a Introduction to partial differential equations /
|c K. Sankara Rao.
|
| 260 |
|
|
|a Mineola, N.Y. :
|b Dover Publications,
|c 1995.
|
| 300 |
|
|
|a viii, 195 p. :
|b ill. ;
|c 22 cm.
|
| 504 |
|
|
|a Includes bibliographical references (p. 353-354) and index.
|
| 541 |
1 |
|
|e 00012621
|
| 650 |
|
0 |
|a Differential equations, Partial.
|
| 852 |
4 |
|
|a Ayesha Abed Library
|j General shelf
|
| 999 |
|
|
|c 3557
|d 3557
|
| 952 |
|
|
|0 0
|1 0
|2 ddc
|4 0
|6 515_353000000000000_RAO
|7 0
|9 3229
|a BRACUL
|b BRACUL
|c GEN
|d 2009-09-02
|g 280.00
|l 2
|m 27
|o 515.353 RAO
|p 3010012621
|q 2026-06-02
|r 2026-05-21
|s 2026-05-21
|t 1
|v 560.00
|w 2009-09-02
|y BK
|
| 952 |
|
|
|0 0
|1 0
|2 ddc
|4 1
|6 515_353000000000000_RAO
|7 0
|9 10495
|a BRACUL
|b BRACUL
|c SPS
|d 2010-05-25
|g 100.00
|l 2
|m 5
|o 515.353 RAO
|p 3010012623
|r 2015-04-20
|s 2015-03-06
|t 2
|w 2010-05-25
|y BK
|